[Event "Tradewise Gibraltar"]
[Site "La Caleta GIB"]
[Date "2017.01.29"]
[EventDate "2017.01.24"]
[Round "6.44"]
[Result "1/2-1/2"]
[White "Shiyam Thavandiran"]
[Black "Chopra Aryan"]
[WhiteElo "2367"]
[BlackElo "2503"]
[PlyCount "67"]

1. e4 e5 2. Nf3 Nc6 3. Bc4 Nf6 4. Ng5 d5 5. exd5 Na5 6. Bb5+
c6 7. dxc6 bxc6 8. Be2 h6 9. Nh3 Bd6 10. d3 O-O 11. O-O Bf5
12. Kh1 Bc7 13. Nc3 Qd7 14. Ng1 g5 15. Bf3 Rad8 16. Nge2 Bg6
17. Ng3 Nd5 18. Bd2 f5 19. h3 Nf4 20. Be3 Qf7 21. b4 e4
22. bxa5 exf3 23. Qxf3 Ne6 24. Bd2 f4 25. Nge2 Bh5 26. g4 fxg3
27. Qxf7+ Rxf7 28. fxg3 Bf3+ 29. Kh2 Bxa5 30. Rae1 Bc7 31. Be3
Ba5 32. Bd2 Bc7 33. Be3 Ba5 34. Bd2 1/2-1/2